000 00310nam a22001337a 4500
020 _a0-8359-0176-9
041 _aENG
100 _aWhitaker .J.H
245 _aAgricultural Buildings And Structures
260 _aDelhi
_bReston Publishing Com
_c1997
300 _a530
650 _aAPE
856 _uAPE ( 03 )
999 _c1691
_d1691